00548nam a22001697a 450000500170000001000150001702000260003203500130005803700130007108200080008424501180009226000520021027000580026230000230032050000190034370000160036220160114145722.0 aENG-114303 c301.00a9789381456163 aEN-97835 bDBAD/PUB a080 aSelect speeches from public platforms :cedited by Vijoy Kumar...[et al]bDr. Anugrah Narayan Sinha (1937-1955) / aPatnabDirectorate of Bihar State Archivec2013 aAbhilekh Bhawan Jawaharlal Nehru MargbPatna e800001 axi,155p.c23cm(Hb) aIncludes index aVijoy Kumar